000 00673nam a2200217 i 4500
001 13666
003 ES-MaACL
005 20240509063038.0
007 t|
008 980526s1968 mx ||||1| spa d
080 _a929 Andujar, Manuel
100 1 _aAndújar, Manuel,
_d1913-1994
_9158299
245 1 0 _aCartas son cartas /
_cManuel Andujar.
260 _a[México] :
_bFinisterre,
_c1968.
300 _a146 p. :
_b1 retr. ;
_c17 cm.
490 1 _aPerspectivas españolas ;
_v4
600 1 7 _aAndújar, Manuel,
_d1913-1994
_2
_9158299
830 0 _aPerspectivas españolas ;
_v4
_9179515
852 _aES-MaACL
_jL-21004
_bR.113277
999 _c13666
_d13666